000 00713nam a2200229Ia 4500
003 OSt
005 20220926012346.0
006 a|||||r|||| 00| 0
007 ta
008 220923b |||||||| |||| 00| 0 eng d
037 _cGeneral Book
040 _aRTL
_cRTL
_beng
041 _2eng
_aeng
082 _aX622.1(X), L0/TD
100 _aSINGH MANMOHAN
_9316277
245 0 _aRegional development banks. Edited by Patricia S Rambach and others.
260 _aNew York
_bCarnegie Endowment For International Peace
_c1970
300 _a83p
_ccm.
490 _aInternational Conciliation, No. 576
942 _hX622.1(X), L0/TD
_cGB
_2CC
999 _c622673
_d622673